Обманщик: роман; пер. с англ.
| Autore principale: | |
|---|---|
| Riassunto: | Сэм Маккриди — опытнейший сотрудник британской разведки, ставший легендой при жизни. Но когда закончилась холодная война, чиновники решили, что такие, как он, больше не нужны. Устраивается показательный процесс, на котором становится известно о проведенных Маккриди операциях — например, о том, как он боролся с ирландскими террористами, предотвратил государственный переворот на островах Карибского моря, как ему удалось разоблачить агента КГБ, пробравшегося в самое сердце ЦРУ. Тем не менее руководители Интеллидженс Сервис посчитали, что время таких, как Сэм, ушло и мир стал гораздо более спокойным местом, чем раньше. Время показало, как жестоко они ошибались! |
| Lingua: | russo |
| Pubblicazione: |
Москва, Эксмо, 2007
|
| Serie: | Mystery Line |
| Soggetti: | |
| Natura: | MixedMaterials Libro |
| KOHA link: | https://koha.lib.tpu.ru/cgi-bin/koha/opac-detail.pl?biblionumber=111929 |
MARC
| LEADER | 00000nam0a2200000 4500 | ||
|---|---|---|---|
| 001 | 111929 | ||
| 005 | 20231031121038.0 | ||
| 010 | |a 5699200606 | ||
| 035 | |a (RuTPU)RU\TPU\book\120896 | ||
| 090 | |a 111929 | ||
| 100 | |a 20070321d2007 m y0rusy50 ca | ||
| 101 | 1 | |a rus |c eng | |
| 102 | |a RU | ||
| 105 | |a y z 000ay | ||
| 200 | 1 | |a Обманщик |e роман |e пер. с англ. |f Ф. Форсайт | |
| 210 | |a Москва |c Эксмо |d 2007 | ||
| 215 | |a 542 с. | ||
| 225 | 1 | |a Mystery Line | |
| 330 | |a Сэм Маккриди — опытнейший сотрудник британской разведки, ставший легендой при жизни. Но когда закончилась холодная война, чиновники решили, что такие, как он, больше не нужны. Устраивается показательный процесс, на котором становится известно о проведенных Маккриди операциях — например, о том, как он боролся с ирландскими террористами, предотвратил государственный переворот на островах Карибского моря, как ему удалось разоблачить агента КГБ, пробравшегося в самое сердце ЦРУ. Тем не менее руководители Интеллидженс Сервис посчитали, что время таких, как Сэм, ушло и мир стал гораздо более спокойным местом, чем раньше. Время показало, как жестоко они ошибались! | ||
| 610 | 1 | |a английская литература | |
| 610 | 1 | |a романы | |
| 610 | 1 | |a приключения | |
| 610 | 1 | |a разведка | |
| 610 | 1 | |a Великобритания | |
| 675 | |a 82 |v 3 | ||
| 700 | 1 | |a Форсайт |b Ф. |g Фредерик | |
| 801 | 1 | |a RU |b 63413507 |c 20070321 |g PSBO | |
| 801 | 2 | |a RU |b 63413507 |c 20070329 |g PSBO | |
| 942 | |c BK | ||